Violence and repression in Latin America: a quantitative and historical analysis

Saved in:
Bibliografiske detaljer
Main Authors: Duff, Ernest A (Author), McCamant, John F (Author)
Format: Bog
Sprog:engelsk
Udgivet: Nueva York The Free 1976
Fag:
Tags: Tilføj Tag
Ingen Tags, Vær først til at tagge denne postø!

MARC

LEADER 00000nam a2200000 a 4500
001 UCO8242
003 CL-VaPUC
008 001201e19760000US |||||||||||||||||eng|d
082 0 4 |a 320.98  |b DUF  |2 21 
100 0 |a Duff, Ernest A  |e author  |9 453110 
700 0 |a McCamant, John F  |e author  |9 453111 
245 1 0 |a Violence and repression in Latin America: a quantitative and historical analysis 
300 |a 322 p 
942 |c BK 
945 |d 20001201 00:00:00  |a crobeson 
260 |a Nueva York  |b The Free  |c 1976 
500 |a Donación del profesor Manfred Wilhelmy von Wolff 
650 7 |a CONDICIONES POLITICAS  |2 CL-VaPUC  |9 392006 
650 0 |a Condiciones sociales   |9 257278 
650 0 |a Violencia  |9 255411 
650 7 |a REPRESION  |2 CL-VaPUC  |9 358182 
651 0 |a América Latina   |9 255027 
583 |a last modification  |c 20001201 00:00:00  |k Rodrigo Vera 
999 |c 292968  |d 292966 
952 |0 0  |1 0  |4 0  |6 320_980000000000000_DUF_1976  |7 0  |8 A  |9 344053  |a BIBHIS  |b BIBHIS  |d 2019-11-20  |i 1231162  |l 1  |o 320.98 DUF 1976  |p 1231162  |r 2025-01-20  |s 2023-04-04  |w 2019-11-20  |y BK  |k HIS